[Event "74th ch-ESP Absoluto"]
[Site "Palma de Mallorca ESP"]
[Date "2009.09.27"]
[Round "2"]
[White "Mascaro March,P"]
[Black "Guadamuro Torrente,A"]
[Result "1-0"]
[WhiteElo "2369"]
[BlackElo "2142"]

1.d4 d5 2.Nf3 Nf6 3.c4 c6 4.Qc2 g6 5.Bf4 Bg7 6.e3 O-O 7.Nc3 e6 8.Be2 Nbd7
9.O-O b6 10.b4 dxc4 11.Bxc4 Bb7 12.Rad1 Re8 13.h3 Nd5 14.Nxd5 exd5 15.Be2 Qe7
16.Rb1 Rec8 17.Qd2 Nf6 18.Qb2 Ne4 19.a4 Nd6 20.a5 b5 21.Ne1 Nc4 22.Qc3 Re8
23.Rd1 Bc8 24.Nd3 Bf5 25.Nc5 Rad8 26.Rfe1 g5 27.Bg3 Bg6 28.e4 dxe4 29.Bxc4 bxc4
30.Qxc4 Kh8 31.d5 cxd5 32.Rxd5 Rxd5 33.Qxd5 f5 34.Bd6 Qf6 35.b5 Qc3 36.Rd1 Qxa5
37.Nd7 Qc3 38.Qc6 Qb3 39.Rd5 e3 40.fxe3 Qxe3+ 41.Kh2 f4 42.Rxg5 Bd4 43.Be5+ Bxe5
44.Nxe5 Rf8 45.Nxg6+ hxg6 46.Qxg6  1-0

[Event "74th ch-ESP Absoluto"]
[Site "Palma de Mallorca ESP"]
[Date "2009.09.28"]
[Round "3"]
[White "Matas Artigues,J"]
[Black "Moreno Mateos,J"]
[Result "0-1"]
[WhiteElo "1716"]
[BlackElo "1908"]

1.d4 Nf6 2.g3 d5 3.c4 c6 4.Nf3 g6 5.Bg2 Bg7 6.O-O O-O 7.Nc3 dxc4 8.Ne5 Be6
9.a4 Nfd7 10.Nf3 f6 11.e4 Bf7 12.Re1 e5 13.dxe5 Nxe5 14.Nxe5 fxe5 15.Qc2 Na6
16.Na2 Nc5 17.Be3 Nb3 18.Rad1 Nd4 19.Qc3 Qf6 20.f4 c5 21.Rd2 Qa6 22.Qa3 Qa5
23.Nc3 Rad8 24.Nd5 Nc2 25.Qxc5 Qxc5 26.Bxc5 Nxe1 27.Bxf8 Kxf8  0-1

[Event "74th ch-ESP Absoluto"]
[Site "Palma de Mallorca ESP"]
[Date "2009.09.30"]
[Round "5"]
[White "Matas Artigues,J"]
[Black "Aguilo Pons,F"]
[Result "1-0"]
[WhiteElo "1716"]
[BlackElo "1899"]

1.d4 d5 2.c4 c6 3.Nf3 Nf6 4.Qc2 g6 5.Bf4 Bg7 6.cxd5 Nxd5 7.Be5 Bxe5 8.Nxe5 Qa5+
9.Nd2 Be6 10.e4 Nf6 11.Bd3 Nbd7 12.Nf3 h6 13.O-O Qh5 14.Rfc1 Qa5 15.b4 Qd8
16.b5 cxb5 17.h3 Nb6 18.d5 Bd7 19.Qb2 O-O 20.Qe5 Rc8 21.Qg3 Kg7 22.Ne5 Nh5
23.Qf3 Rxc1+ 24.Rxc1 Bc8 25.Qe3 Qd6 26.Ndf3 Nf6 27.Qd4 Kh7 28.Nh4 Kg7 29.g4 Nbd7
30.Nxd7  1-0

[Event "74th ch-ESP Absoluto"]
[Site "Palma de Mallorca ESP"]
[Date "2009.09.30"]
[Round "5"]
[White "Cacho Reigadas,S"]
[Black "Fenollar Jorda,M"]
[Result "1-0"]
[WhiteElo "2484"]
[BlackElo "2311"]

1.d4 d5 2.c4 c6 3.Nf3 Nf6 4.Qc2 dxc4 5.Qxc4 Bf5 6.Nc3 Nbd7 7.g3 e6 8.Bg2 Be7
9.O-O Ne4 10.e3 O-O 11.Nd2 Nxd2 12.Bxd2 e5 13.e4 exd4 14.Qxd4 Be6 15.Be3 Bc5
16.Qd2 Bxe3 17.Qxe3 Qb6 18.Qxb6 axb6 19.f4 f6 20.Rad1 Rfd8 21.Rd6 Nf8 22.Rxd8 Rxd8
23.Bf3 b5 24.a3 Rd4 25.Rd1 Rxd1+ 26.Bxd1 Nd7 27.Kf2 Nb6 28.b3 Kf8 29.Ke3 Nd7
30.b4 Ke7 31.Kd4 b6 32.Be2 g5 33.fxg5 fxg5 34.e5 Bc4 35.Bxc4 bxc4 36.b5 cxb5
37.Kd5 Nc5 38.Nxb5 Nd3 39.Nc3 g4 40.Nb5 Ne1 41.Kc6 Ke6 42.Kxb6 Nd3 43.a4 Kxe5
44.a5 Nb4 45.Kc5 Na6+ 46.Kxc4 Ke4 47.Nd4 Nc7 48.Kc5 h5 49.Kc6 Na6 50.Kb6 Nb8
51.Nc6 Nd7+ 52.Kb5 Nf6 53.a6 Nd5 54.a7  1-0

[Event "74th ch-ESP Absoluto"]
[Site "Palma de Mallorca ESP"]
[Date "2009.10.02"]
[Round "7"]
[White "Matas Artigues,J"]
[Black "Diaz Sanchez,J"]
[Result "1-0"]
[WhiteElo "1716"]
[BlackElo "1926"]

1.d4 d5 2.c4 c6 3.Nf3 Nf6 4.Qc2 g6 5.Bf4 e6 6.g3 Bg7 7.Bg2 Nbd7 8.O-O O-O
9.Nbd2 Re8 10.Rfe1 b6 11.e4 dxe4 12.Nxe4 Nxe4 13.Qxe4 Bb7 14.b4 Qc8 15.c5 Nf6
16.Qc2 b5 17.a4 a6 18.Qd2 Nd5 19.Be5 Qd8 20.Bxg7 Kxg7 21.Ne5 h5 22.h4 Qc7
23.axb5 axb5 24.Qb2 Red8 25.Nf3 Rdb8 26.Ng5 Rd8 27.Rxe6 Rxa1+ 28.Qxa1 Ra8
29.Qb2 Kg8 30.Rd6 Qe7 31.Bxd5 Qe1+ 32.Kg2 cxd5 33.Nf3 Qe7 34.Ne5 Rd8 35.Rxd8+ Qxd8
36.c6 Bc8 37.Qc3 Qe8 38.Qc5 f6 39.Nf3 Qe4 40.c7 Qe6 41.Qxb5 Qh3+ 42.Kg1 Qf5
43.Qe8+ Kg7 44.Qe7+ Kg8 45.Nd2 g5 46.Qe8+ Kg7 47.hxg5  1-0

[Event "74th ch-ESP Absoluto"]
[Site "Palma de Mallorca ESP"]
[Date "2009.10.02"]
[Round "7"]
[White "Cacho Reigadas,S"]
[Black "Arizmendi Martinez,J"]
[Result "1-0"]
[WhiteElo "2484"]
[BlackElo "2532"]

1.d4 d5 2.c4 c6 3.Nf3 Nf6 4.Qc2 dxc4 5.Qxc4 Bg4 6.Nbd2 Nbd7 7.g3 e6 8.Bg2 Be7
9.O-O Bh5 10.b3 O-O 11.Bb2 a5 12.a3 Qb6 13.e4 Rfc8 14.Rfe1 Qd8 15.Rac1 Qf8
16.Nb1 b5 17.Qd3 Rab8 18.Re2 c5 19.Rec2 Rd8 20.Qe3 Bg6 21.Nbd2 Rbc8 22.a4 bxa4
23.bxa4 cxd4 24.Bxd4 Nd5 25.Qe2 Nb4 26.Rc4 Nc5 27.Ne5 Nxa4 28.Nb3 Rxc4 29.Qxc4 Na2
30.Ra1 Rxd4 31.Nxd4 N4c3 32.Rxa2 Nxa2 33.Qxa2 Bb4 34.Nxg6 hxg6 35.Bf1 Qc5
36.Nc2 Qc3 37.Qc4 Qd2 38.Kg2 g5 39.h3 g6 40.Qd3 Qxd3 41.Bxd3 Bc3 42.Bb5 Kf8
43.Kf3 Ke7 44.Ke3 f5 45.Kd3 Be5 46.Na3 Bd6 47.Nc4 Bb4 48.g4 Be1 49.f3 Kf6
50.e5+ Ke7 51.Kd4 Bf2+ 52.Kc3 Bg3 53.Kb3 Be1 54.Ka4 Bc3 55.Kb3 Be1 56.Bc6 Bb4
57.Ka4 Bc3 58.Kb5 Kd8 59.Kb6 Ke7 60.Ba4 Kf7 61.Bb3 Ke7 62.Nxa5 Bxe5 63.Nc6+ Kd6  1-0

[Event "TCh-FIN 2009-10"]
[Site "Finland FIN"]
[Date "2009.10.17"]
[Round "3"]
[White "Sammalvuo,T"]
[Black "Topi Hulmi,T"]
[Result "1-0"]
[WhiteElo "2481"]
[BlackElo "2266"]

1.Nf3 d5 2.d4 Nf6 3.c4 c6 4.Qc2 dxc4 5.Qxc4 Bf5 6.g3 e6 7.Bg2 Nbd7 8.O-O Be7
9.Nc3 O-O 10.Re1 Ne4 11.Qb3 Qb6 12.Nh4 Qxb3 13.axb3 Bxh4 14.gxh4 Nef6 15.e4 Bg6
16.Bf4 Rfe8 17.Bd6 e5 18.dxe5 Nxe5 19.f4 Ned7 20.b4 Nb6 21.f5 Bh5 22.e5 Nfd5
23.Nxd5 Nxd5 24.b5 Bg4 25.bxc6 bxc6 26.Be4 g6 27.f6 Bd7 28.h5 gxh5 29.Kf2 Nf4
30.Ra6 Ng6 31.b4 h4 32.b5 cxb5 33.Bxa8 Rxa8 34.Rc1 Be6 35.Ke3 h5 36.Rc7 Kh7
37.Bb4 Kg8 38.Rxe6  1-0

[Event "Unive Open"]
[Site "Hoogeveen NED"]
[Date "2009.10.18"]
[Round "3"]
[White "Ellenbroek,T"]
[Black "Jellema,Y"]
[Result "0-1"]
[WhiteElo "2078"]
[BlackElo "2177"]

1.d4 d5 2.c4 c6 3.Nf3 Nf6 4.Qb3 e6 5.Bg5 Nbd7 6.Nbd2 h6 7.Bh4 Be7 8.e3 Ne4
9.Bxe7 Qxe7 10.Rd1 O-O 11.Bd3 e5 12.dxe5 Ndc5 13.Qc2 Nxd3+ 14.Qxd3 Nxd2 15.Rxd2 Be6
16.cxd5 Bxd5 17.O-O Bxf3 18.gxf3 Rad8 19.Qc3 Rxd2 20.Qxd2 Qxe5 21.Rd1 Qg5+
22.Kh1 Qh5 23.Qe2 Re8 24.Rd4 Re6 25.Rg4 Qd5 26.b3 Rf6 27.Rd4 Qh5 28.Rg4 Qh3
29.Rg3 Qd7 30.Qb2 Qd6 31.Kg2 h5 32.Rg5 Rg6 33.Rxg6 Qxg6+ 34.Kf1 Qd3+ 35.Kg2 h4
36.Qe5 Qd7 37.h3 Qd5 38.Qxd5 cxd5 39.e4 Kf8 40.Kf1 Ke7 41.Ke2 Kd6 42.Ke3 Kc5
43.a3 a5 44.exd5 Kxd5 45.f4 b5 46.f3 f6 47.Kd3 g5 48.Ke3 gxf4+ 49.Kxf4 Kd4
50.Kg4 Kc3 51.Kxh4 Kxb3 52.Kg3 Kxa3 53.h4 b4 54.h5 b3 55.h6 b2 56.h7 b1=Q
57.h8=Q Qg1+ 58.Kf4 Qg5+ 59.Ke4 Qe5+ 60.Kd3 Qd6+ 61.Ke3 a4 62.Qh1 Qe5+ 63.Kd3 Ka2
64.Qc1 Qb2 65.Qc6 a3 66.f4 Ka1 67.Qc2 a2 68.Kd2 Qd4+ 69.Ke2 Qb2 70.Kd2 Qb4+
71.Ke2 Qb5+ 72.Ke1 Qa5+ 73.Kd1 Qd5+ 74.Kc1 Qh1+ 75.Kd2 Qg2+ 76.Kc3 Qf3+ 77.Kb4 Qxf4+
78.Kb3 Qe3+ 79.Kb4 Qb6+ 80.Ka3 Qa5+ 81.Kb3 Qb5+ 82.Ka3 Qa6+ 83.Kb3 Qe6+ 84.Ka3 Qe3+
85.Kb4 f5 86.Qxf5 Qd4+ 87.Ka3 Qc3+ 88.Ka4 Qc4+ 89.Ka3 Qc3+ 90.Ka4 Kb2 91.Qb5+ Kc1
92.Qf1+ Kc2 93.Qf5+ Qd3 94.Qf2+ Kb1 95.Qe1+ Kb2 96.Qb4+ Kc1 97.Qf4+ Qd2  0-1

[Event "Unive Open"]
[Site "Hoogeveen NED"]
[Date "2009.10.19"]
[Round "4"]
[White "Grooten,H"]
[Black "Kasparov,S"]
[Result "0-1"]
[WhiteElo "2328"]
[BlackElo "2488"]

1.d4 d5 2.c4 c6 3.Nf3 Nf6 4.g3 Bf5 5.Nbd2 h6 6.Bg2 e6 7.O-O Nbd7 8.b3 Bd6
9.Bb2 Qb8 10.Qc1 O-O 11.c5 Bc7 12.Nh4 Bh7 13.f4 a5 14.Qc3 b6 15.cxb6 Bxb6
16.h3 c5 17.Nhf3 cxd4 18.Nxd4 e5 19.fxe5 Qxe5 20.Rf4 Rac8 21.Nf3 Qxe2 22.Re1 Qa6
23.Qe3 Rfe8 24.Qd2 Ne4 25.Qe3 Ndf6 26.Kh2 Nxg3 27.Ne5 Nge4 28.Ng4 Bc7 29.Bxe4 Nxg4+
30.hxg4 Rxe4  0-1

[Event "Unive Open"]
[Site "Hoogeveen NED"]
[Date "2009.10.22"]
[Round "7"]
[White "Hummel,J"]
[Black "Lagrotteria,S"]
[Result "0-1"]
[WhiteElo "2025"]
[BlackElo "2221"]

1.d4 d5 2.Nf3 Nf6 3.c4 c6 4.g3 Bf5 5.Nbd2 e6 6.Bg2 h6 7.O-O Nbd7 8.Re1 Be7
9.b3 O-O 10.Bb2 Qa5 11.Ne5 Bb4 12.e4 Nxe5 13.dxe5 Nxe4 14.Nxe4 Bxe1 15.Nd6 Qd2
16.Qxd2 Bxd2 17.cxd5 cxd5 18.Nxf5 exf5 19.Bxd5 Rad8 20.Bxb7 f4 21.Ba3 Rfe8
22.Bd6 Bc3 23.Rc1 Bxe5 24.Bxe5 Rxe5 25.gxf4 Re2 26.a4 Rdd2 27.Rc8+ Kh7 28.Rc7 Kg6
29.f5+ Kf6 30.Ba6 Rxf2 31.Bc4 Rg2+ 32.Kf1 Rxh2 33.Rxf7+ Ke5 34.Kg1 Rhg2+
35.Kh1 a5 36.Ra7 Kf4 37.Re7 Kf3 38.Re1 Rh2+  0-1

[Event "Chigorin Mem Open"]
[Site "St Petersburg RUS"]
[Date "2009.10.22"]
[Round "7"]
[White "Solovyov,V"]
[Black "Belousov,D"]
[Result "1-0"]
[WhiteElo "2204"]
[BlackElo "2351"]

1.Nf3 d5 2.d4 Nf6 3.c4 c6 4.Qc2 Bg4 5.Ne5 Bh5 6.Bf4 e6 7.e3 Nbd7 8.Nc3 Bg6
9.Qb3 Qb6 10.c5 Qxb3 11.axb3 Nxe5 12.Bxe5 Nd7 13.Bg3 a6 14.b4 Rc8 15.Be2 Be7
16.Na2 Bd8 17.Nc1 Bc7 18.Bxc7 Rxc7 19.b5 cxb5 20.Bxb5 O-O 21.Bxd7 Rxd7 22.b4 Re8
23.Kd2 e5 24.Nb3 f6 25.Rhc1 Rde7 26.Ra5 Be4 27.g3 Bf5 28.b5 axb5 29.Rxb5 Rc7
30.Ra1 Bd7 31.Rb6 exd4 32.Nxd4 Rxc5 33.Rxb7 Bc8 34.Rb8 Rc7 35.Raa8 Kf8 36.Nb5 Rc6
37.Na7 Ra6 38.Rxc8  1-0

[Event "WJun"]
[Site "Puerto Madryn ARG"]
[Date "2009.10.30"]
[Round "9"]
[White "Bomans,A"]
[Black "Ondrus,M"]
[Result "0-1"]
[WhiteElo "2085"]
[BlackElo "2304"]

1.d4 d5 2.c4 c6 3.Nf3 Nf6 4.Qc2 e6 5.g3 Nbd7 6.Bg2 dxc4 7.O-O b5 8.a4 Bb7
9.Bg5 a6 10.axb5 axb5 11.Rxa8 Qxa8 12.b3 h6  0-1

[Event "WJun"]
[Site "Puerto Madryn ARG"]
[Date "2009.10.31"]
[Round "10"]
[White "Cuberli,E"]
[Black "Alvarez Ramirez,M"]
[Result "1/2-1/2"]
[WhiteElo "2161"]
[BlackElo "2259"]

1.d4 d5 2.Nf3 Nf6 3.c4 c6 4.g3 Bf5 5.cxd5 Nxd5 6.Nbd2 Bg6 7.e4 Nb6 8.Bg2 e6
9.O-O N8d7 10.Qe2 Be7 11.Nb3 O-O 12.Na5 Nc8 13.Bd2 Qb6 14.b4 Nd6 15.Ne5 Rfd8
16.Nxg6 hxg6 17.Nb3 Nb5 18.d5 cxd5 19.exd5 Bf6 20.dxe6 fxe6 21.Rac1 Rac8
22.Be3 Nd4 23.Bxd4 Bxd4 24.Rfd1  1/2-1/2

[Event "3rd Asian Indoor Team Rapid Prelim"]
[Site "Ha Long City VIE"]
[Date "2009.11.05"]
[Round "2"]
[White "Sachdev,T"]
[Black "Rysbayeva,A"]
[Result "1/2-1/2"]
[WhiteElo "2399"]
[BlackElo "2199"]

1.d4 d5 2.c4 c6 3.Nf3 Nf6 4.Qc2 dxc4 5.Qxc4 Bf5 6.g3 e6 7.Bg2 Nbd7 8.Nc3 Be7
9.O-O O-O 10.Re1 Ne4 11.Qb3 Nxc3 12.bxc3 Qb6 13.e4 Bg4 14.Qc2 Qc7 15.Bf4 Bd6
16.e5 Be7 17.Nd2 c5 18.d5 Qc8 19.d6 Bd8 20.Nc4 Bf5 21.Qe2 Nb6 22.Ne3 Bg6
23.c4 f5 24.h4 Be8 25.Nd1 Na4 26.Qc2 Bc6 27.Rb1 Bxg2 28.Kxg2 Qc6+ 29.Kg1 Rb8
30.Rb5 Nb6 31.Qd3 a6 32.Rb2 Na4 33.Rc2 b5 34.Ne3 Nb6 35.Rec1 b4 36.Ng2 a5
37.Bd2 Nd7 38.Qe2 a4 39.Nf4 Re8 40.Rb1 Qe4 41.Qxe4 fxe4 42.Re1 Nxe5 43.Rxe4 Nf3+
44.Kg2 Nxd2 45.Rxd2 Kf7 46.Nd3 b3 47.axb3 axb3 48.Rb2 Bf6 49.Ne5+ Bxe5 50.Rxe5 Red8
51.Rxc5 Rxd6 52.Rb5 Rc8 53.Rb4 Rdc6 54.R2xb3 Rxc4 55.Rf3+ Kg8 56.Rb7 R4c7
57.Rb6 Rc6 58.Rb7 R6c7 59.Rb6 Rc6  1/2-1/2

[Event "3rd Asian Indoor Team Rapid Prelim"]
[Site "Ha Long City VIE"]
[Date "2009.11.05"]
[Round "5"]
[White "Kotsur,P"]
[Black "Dao Thien Hai"]
[Result "0-1"]
[WhiteElo "2568"]
[BlackElo "2524"]

1.d4 d5 2.c4 c6 3.Nf3 Nf6 4.Qc2 g6 5.Bf4 Bg7 6.e3 O-O 7.Bd3 dxc4 8.Qxc4 Nbd7
9.O-O c5 10.h3 cxd4 11.exd4 Nb6 12.Qc1 Be6 13.Nc3 Rc8 14.Bh6 Bc4 15.Bxg7 Kxg7
16.Qd2 Bxd3 17.Qxd3 a6 18.Rfe1 e6 19.Rad1 Nbd5 20.Ne4 Nxe4 21.Qxe4 Qf6 22.Ne5 Qf5
23.Qxf5 gxf5 24.Rc1 Rfd8 25.Kf1 Kf6 26.g3 Ke7 27.a3 Nb6 28.Nf3 Nc4 29.Rc3 Nd6
30.Rxc8 Rxc8 31.d5 Ne4 32.dxe6 fxe6 33.Re2 Kf6 34.Kg2 b5 35.Ne1 Rd8 36.f3 Nd2
37.Kf2 e5 38.Ng2 h5 39.f4 Ne4+ 40.Kf3 Rg8 41.g4 hxg4+ 42.hxg4 Rxg4 43.Rxe4 Rxg2
44.fxe5+ Ke6 45.Rb4 Rc2 46.b3 Kxe5 47.a4 Rc5 48.Ke2 a5 49.Rh4 b4 50.Rh8 Kd4
51.Rd8+ Kc3 52.Rd3+ Kc2 53.Rf3 f4 54.Ke1 Rc3 55.Rxf4 Kxb3 56.Kd2 Kxa4 57.Rf1 Rc8
58.Ra1+ Kb5  0-1

[Event "TCh-AUT 2009-10"]
[Site "Jenbach AUT"]
[Date "2009.11.06"]
[Round "1"]
[White "Schweda,R"]
[Black "Ruck,R1"]
[Result "1/2-1/2"]
[WhiteElo "2432"]
[BlackElo "2556"]

1.d4 d5 2.Nf3 Nf6 3.c4 c6 4.Qc2 g6 5.Bf4 Bg7 6.e3 O-O 7.Nc3 c5 8.Nxd5 Nxd5
9.cxd5 cxd4 10.e4 e6 11.Bc7 Qd7 12.dxe6 Qxe6 13.Bd3 Nc6 14.O-O Qe7 15.Bf4 Bg4
16.Ne1 Rac8 17.Qd2 Rfe8 18.Rc1 Be6 19.Bb1 Nb4 20.Rxc8 Rxc8 21.a3 Na6 22.Nd3 Nc5
23.Nxc5 Qxc5 24.Rc1 Qf8 25.Bd3 a6 26.Rxc8 Qxc8 27.Qc1 Qxc1+ 28.Bxc1 b5 29.Kf1 Bc4
30.Ke2 Kf8 31.a4 Ke7 32.axb5 axb5 33.b3 Bxb3 34.Bxb5 Bc2 35.Bd3 Bb3 36.Ba3+ Ke6
37.f4 h5 38.Ba6 Bh6 39.g3 Bc2 40.Bc4+ Kf6 41.Bd3 Bxd3+ 42.Kxd3 h4 43.Kxd4 hxg3
44.hxg3 Ke6 45.Ke3 f5 46.e5 g5  1/2-1/2

[Event "Russia Cup w"]
[Site "St Petersburg RUS"]
[Date "2009.11.08"]
[Round "3.2"]
[White "Zaiatz,E"]
[Black "Molchanova,T"]
[Result "1/2-1/2"]
[WhiteElo "2390"]
[BlackElo "2368"]

1.d4 d5 2.c4 c6 3.Nf3 Nf6 4.Qb3 dxc4 5.Qxc4 Bf5 6.g3 e6 7.Bg2 Nbd7 8.Nc3 Be7
9.O-O O-O 10.Re1 Ne4 11.Qb3 Qb6 12.Nh4 Bxh4 13.gxh4 Ndf6 14.Be3 Qc7 15.Nxe4 Bxe4
16.f3 Bd5 17.Qc3 Nh5 18.Bd2 e5 19.dxe5 f6 20.e4 Be6 21.f4 fxe5 22.f5 Bf7
23.Be3 b6 24.b4 Rac8 25.Bf1 Qe7 26.Bf2 Be8 27.a4 g6 28.a5 c5 29.Bc4+ Kh8
30.Be6 Bd7 31.Qxe5+ Qf6 32.Qxf6+ Nxf6 33.bxc5 Bxe6 34.fxe6 bxc5 35.Rac1 c4
36.Bxa7 Rc6 37.Bd4 Kg8 38.e7 Re8 39.Ra1 Kf7 40.Rf1 Kxe7 41.Bxf6+ Rxf6 42.a6 Rc6
43.Rfb1 Rc7 44.Kf2 c3 45.Ke3 c2 46.Rb7 Rxb7 47.axb7 Rb8 48.Rc1 Rxb7 49.Rxc2 Kd6
50.Ra2 Rb5 51.Kf4 Rh5 52.Ra6+ Ke7 53.Kg4 Kd7 54.Rf6 Ke7 55.Rf4 Ke6 56.Kf3 Ra5
57.Rg4 Kf6 58.Ke3 Ra3+ 59.Kf4 Rh3 60.e5+ Ke6 61.Kg5 Kxe5 62.Rg2 h6+ 63.Kxh6 Kf4
64.Kxg6 Rxh4 65.Ra2  1/2-1/2

[Event "UTD Invitational B"]
[Site "Dallas USA"]
[Date "2009.11.22"]
[Round "2"]
[White "Ibragimov,I"]
[Black "Bantic,M"]
[Result "1-0"]
[WhiteElo "2577"]
[BlackElo "2216"]

1.d4 d5 2.c4 c6 3.Nf3 Nf6 4.Qb3 Qb6 5.Nc3 Bf5 6.c5 Qxb3 7.axb3 Nbd7 8.b4 g6
9.h3 Bg7 10.Bf4 O-O 11.e3 Ne4 12.g4 e5 13.Nxe5 Nxe5 14.Bxe5 Bxe5 15.dxe5 Be6
16.f3 Nxc3 17.bxc3 f5 18.exf6 Rxf6 19.f4 a6 20.Bd3 Re8 21.Kd2 Bf7 22.h4 Kg7
23.Rag1 Rfe6 24.Rg3 Ra8 25.h5 Ree8 26.hxg6 hxg6 27.Rgh3 Bg8 28.Rh6 Re6 29.g5 a5
30.Ra1 a4 31.Ra3 Bf7 32.Bc2 Re4 33.Rxa4 Rae8 34.Bxe4  1-0

[Event "Vasylyshyn Mem w"]
[Site "Lviv UKR"]
[Date "2009.11.27"]
[Round "3"]
[White "Ivakhinova,I"]
[Black "Hryhorenko,N"]
[Result "0-1"]
[WhiteElo "2249"]
[BlackElo "2349"]

1.d4 d5 2.c4 c6 3.Nf3 Nf6 4.Qb3 g6 5.Nc3 Bg7 6.e3 O-O 7.Bd3 dxc4 8.Bxc4 b5
9.Bd3 a6 10.a4 Bb7 11.Be2 Nbd7 12.O-O Rb8 13.Rd1 Qc7 14.Bd2 e5 15.Rac1 Ba8
16.dxe5 Nxe5 17.axb5 axb5 18.Nxe5 Qxe5 19.Bf3 c5 20.Bxa8 Rxa8 21.Qxb5 Rab8
22.Qc4 Rb4 23.Qd3 Ng4 24.f4 Qe6 25.h3 Nf6 26.Rc2 Rb3 27.Bc1 Re8 28.Qd6 Qf5
29.Re2 Rb7 30.Qc6 Rbb8 31.g4 Qe6 32.Qxc5 h5 33.f5 gxf5 34.gxf5 Qa6 35.Rg2 Kh7
36.Qd6 Qb7 37.Qf4 Bh6 38.Qd4 Qc6 39.Re1 Rbd8 40.Qh4 Re5 41.Qf2 Rde8 42.Rg3 Qc8
43.Rf3 Rg8+ 44.Kh2 Qc7 45.Kh1 Qc6 46.Kh2 Qc7 47.Kh1 Qc6 48.Rf1 Kh8 49.Kh2 Bf8
50.e4 Nxe4 51.Qd4 Bg7 52.Bf4 Ree8 53.Qd1 Bxc3 54.bxc3 Nf6 55.Qd6 Re2+ 56.Kh1 Qxd6
57.Bxd6 Ne4 58.Bb8 Rxb8 59.Ra1 Rbb2 60.Ra8+ Kh7 61.Ra1 Rh2+ 62.Kg1 Rbg2+
63.Kf1  0-1

[Event "1st ACP Women World Rapid Cup"]
[Site "Konya TUR"]
[Date "2009.12.02"]
[Round "7"]
[White "Cramling,P"]
[Black "Zhukova,N"]
[Result "0-1"]
[WhiteElo "2525"]
[BlackElo "2465"]

1.d4 d5 2.Nf3 Nf6 3.c4 c6 4.Qc2 dxc4 5.Qxc4 Bf5 6.g3 e6 7.Bg2 Nbd7 8.O-O Be7
9.e3 O-O 10.Qe2 Qb6 11.Rd1 Rac8 12.Nc3 Ne4 13.Ne1 Ndf6 14.f3 Nxc3 15.bxc3 c5
16.e4 Bg6 17.Be3 Qa5 18.Rab1 b6 19.Nd3 Qxc3 20.dxc5 bxc5 21.Rb7 Rfe8 22.Rxa7 c4
23.Ne1 Bc5 24.Bxc5 Rxc5 25.Nc2 Qb2 26.Qf2 Rcc8 27.Bf1 h6 28.a4 Red8 29.Rxd8+ Rxd8
30.a5 c3 31.Qb6 Rd1 32.Ne3 Ra1 33.Rb7 Qd2 34.a6 Ra2 35.Ng2 c2 36.a7 c1=Q
37.Rb8+ Kh7 38.a8=Q Rxa8 39.Rxa8 Qdd1 40.Qa6 Qc5+ 41.Kh1 Qf2  0-1

[Event "2nd Dragon Capital"]
[Site "Ho Chi Minh City VIE"]
[Date "2009.12.03"]
[Round "2"]
[White "Duong The Anh"]
[Black "Nguyen Thi Tuong Van"]
[Result "1-0"]
[WhiteElo "2440"]
[BlackElo "2246"]

1.d4 d5 2.c4 c6 3.Nf3 Nf6 4.Qc2 dxc4 5.Qxc4 Bf5 6.g3 Nbd7 7.Bg2 e6 8.O-O Be7
9.Nc3 O-O 10.Re1 Ne4 11.Qb3 Qb6 12.Nh4 Bxh4 13.gxh4 Nef6 14.e4 Bg6 15.Qxb6 axb6
16.Bf4 Rfe8 17.Rad1 b5 18.Bd6 e5 19.d5 b4 20.dxc6 bxc6 21.Bxb4 Reb8 22.Ba3 Nb6
23.Bd6 Re8 24.b3 Nfd7 25.Bh3 Ra7 26.f3 f6 27.Re2 Bf7 28.Rc2 Be6 29.Bxe6+ Rxe6
30.Ne2 c5 31.Nc1 Ra5 32.b4 cxb4 33.Bxb4 Ra7 34.Ne2 Kf7 35.h5 Ke8 36.Ng3 g6
37.h4 Nb8 38.h6 Rd7 39.Rxd7 Kxd7 40.h5 g5 41.Rd2+ Kc8 42.Nf5 Nc4 43.Rc2  1-0

[Event "Vasylyshyn Mem"]
[Site "Lviv UKR"]
[Date "2009.12.03"]
[Round "9"]
[White "Vovk,Y"]
[Black "Zherebukh,Y"]
[Result "1-0"]
[WhiteElo "2546"]
[BlackElo "2527"]

1.Nf3 d5 2.d4 Nf6 3.c4 c6 4.Qb3 dxc4 5.Qxc4 Bf5 6.g3 e6 7.Bg2 Nbd7 8.Nc3 Be7
9.O-O O-O 10.Re1 Ne4 11.Qb3 Qb6 12.Nh4 Qxb3 13.axb3 Bb4 14.g4 Nxc3 15.gxf5 Na2
16.Rd1 Nxc1 17.Raxc1 Nf6 18.fxe6 fxe6 19.Nf3 Ne4 20.Ne5 Nxf2 21.Rf1 Bd2 22.Rc3 Bxc3
23.bxc3 a5 24.Rxf2 a4 25.bxa4 Rxf2 26.Kxf2 Rxa4 27.Bh3 Ra3 28.Bxe6+ Kf8 29.c4 Ke7
30.Bc8 Rb3 31.c5 Kd8 32.Be6 Rb4 33.e3 Kc7 34.Nc4  1-0

[Event "48th XtraCon TCh-DEN 2009-10"]
[Site "Denmark DEN"]
[Date "2009.12.06"]
[Round "3"]
[White "Schyberg,B"]
[Black "Nordenbaek,J"]
[Result "1/2-1/2"]
[WhiteElo "2126"]
[BlackElo "2210"]

1.d4 d5 2.Nf3 Nf6 3.c4 c6 4.g3 dxc4 5.Bg2 c5 6.Qa4+ Nc6 7.O-O e6 8.Ne5 Bd7
9.Nxd7 Nxd7 10.dxc5 Bxc5 11.Qxc4 Rc8 12.Qg4 O-O 13.Nc3 Nf6 14.Qg5 Qe7 15.Ne4 Nxe4
16.Qxe7 Bxe7 17.Bxe4 Bf6 18.Be3 b6 19.Rac1 Nb4 20.a3 Nd5 21.Rxc8 Rxc8 22.Bc1 g6
23.Bb1 Kg7 24.e4 Ne7 25.Rd1 Nc6 26.f4 Bd4+ 27.Kg2 e5 28.Ba2 Na5 29.fxe5 Bxe5
30.Rf1 f6 31.b4 Rc2+ 32.Rf2 Rxc1 33.bxa5 bxa5 34.a4 g5 35.Bb3 g4 36.Rc2 Re1
37.Bd5 Bd4 38.h3 h5 39.Rc7+ Kh6 40.hxg4 hxg4 41.Rc8 Rg1+ 42.Kh2 Ra1 43.Bb3 Ra3
44.Rb8 Bb6 45.Bd5 Rxa4 46.Rh8+ Kg7 47.Rg8+ Kh7 48.Rxg4 Ra1 49.Rh4+ Kg7 50.Kh3 Rh1+
51.Kg4 Rg1 52.Kf5 Rxg3 53.Rg4+ Rxg4 54.Kxg4 a4 55.Kf3 Kf8 56.Ke2 Ke7 57.Kd3 Kd6
58.Ba8 Kc5 59.Kc3 Bc7 60.Kb2 Bd6 61.Ka2  1/2-1/2

[Event "2nd Dragon Capital"]
[Site "Ho Chi Minh City VIE"]
[Date "2009.12.07"]
[Round "8"]
[White "Ton That Nhu Tung"]
[Black "Nguyen Duc Hoa"]
[Result "1-0"]
[WhiteElo "2272"]
[BlackElo "2331"]

1.d4 d5 2.c4 c6 3.Nf3 Nf6 4.Qc2 g6 5.Bf4 Bf5 6.Qb3 Qb6 7.c5 Qxb3 8.axb3 Nbd7
9.Nbd2 Bg7 10.h3 O-O 11.e3 Rfe8 12.Be2 Be4 13.O-O Bxf3 14.Nxf3 Ne4 15.Rfe1 e5
16.Bh2 a6 17.b4 exd4 18.exd4 Nf8 19.Bf1 Ne6 20.Red1 Rad8 21.Ra3 Re7 22.Rad3 Rde8
23.Ra3 h6 24.Rad3 Kh7 25.Ne1 Nxd4 26.Rxd4 Bxd4 27.Rxd4 Nxc5 28.Nc2 Na4 29.f3 Nxb2
30.Bf4 Rd7 31.Bc1 Na4 32.Rh4 h5 33.g4 Nc3 34.Nd4 a5 35.gxh5 g5 36.Bxg5 Rg8
37.Rg4 Rxg5 38.Rxg5 axb4 39.Bd3+ Kh8 40.Nf5 b3 41.Nh6 f5 42.Rxf5 b2 43.Nf7+ Kg8
44.Ng5 Kg7 45.Ne6+ Kh6 46.Rf6+ Kxh5 47.Bg6+ Kh6 48.Bf5+ Kh5 49.Kh2 Re7 50.Bg4+  1-0

[Event "ch-IND National A"]
[Site "Mumbai IND"]
[Date "2009.12.07"]
[Round "7"]
[White "Anurag,M"]
[Black "Babu,NS"]
[Result "0-1"]
[WhiteElo "2222"]
[BlackElo "2335"]

1.Nf3 d5 2.d4 Nf6 3.c4 c6 4.Qc2 g6 5.e3 Bf5 6.Bd3 Bxd3 7.Qxd3 Bg7 8.Nbd2 O-O
9.O-O Na6 10.b3 c5 11.Bb2 cxd4 12.exd4 Rc8 13.Ne5 Nd7 14.Qf3 Nb4 15.Rad1 dxc4
16.Qxb7 Nxe5 17.dxe5 Qb6 18.Qxb6 axb6 19.Nxc4 b5 20.Ne3 Nxa2 21.Nd5 Rfe8
22.Ra1 e6 23.Nb6 Rc6 24.Rxa2 Rxb6 25.Rc1 Rb7 26.g3 Rd8 27.Ra6 g5 28.Rd6 Ra8
29.Rdc6 h6 30.Rc8+ Rxc8 31.Rxc8+ Kh7 32.Rc5 g4 33.Kg2 Kg6 34.h3 h5 35.Rc8 Rd7
36.Rg8 Rd3 37.Ba3 Kh7 38.Rb8 Rd5 39.Bd6 Bxe5 40.Bxe5 Rxe5 41.hxg4 hxg4 42.f4 Re2+
43.Kf1 Re3 44.Rxb5 Rxg3 45.Ke2 f6 46.Rb6 Kg6 47.Rxe6 Rxb3 48.Rc6 Rf3 49.Rc4 Kf5
50.Rc6 Rxf4 51.Rc5+ Kg6 52.Ke3 Rf3+ 53.Ke4 f5+ 54.Ke5 Kg5 55.Rc8 Re3+ 56.Kd4 Re7
57.Rg8+ Kf4 58.Kd5 g3 59.Kd6 Re1 60.Kd5 Kf3  0-1

[Event "ch-VIE Men Masters"]
[Site "Ho Chi Minh City VIE"]
[Date "2009.12.12"]
[Round "3"]
[White "Duong The Anh"]
[Black "Vo Thanh Ninh"]
[Result "1-0"]
[WhiteElo "2440"]
[BlackElo "2340"]

1.d4 d5 2.c4 c6 3.Nf3 Nf6 4.Qc2 g6 5.Bf4 Bg7 6.e3 O-O 7.Nc3 a6 8.Be2 Bg4
9.Qb3 b6 10.h3 dxc4 11.Qxc4 Be6 12.Qd3 Nd5 13.Bg3 Nxc3 14.bxc3 b5 15.Nd2 Nd7
16.O-O Nb6 17.Qc2 Rc8 18.Nb3 Bc4 19.Nc5 Ra8 20.a4 Bxe2 21.Qxe2 Re8 22.Qf3 Qc8
23.Ra2 e5 24.Rfa1 b4 25.cxb4 exd4 26.exd4 Bxd4 27.Rd1 Bxc5 28.bxc5 Nd5 29.Rb2 Qe6
30.Rb7 Re7 31.Rdb1 Rae8 32.Bd6 Rd7 33.a5 h5 34.Kh2 h4 35.Rxd7 Qxd7 36.Qd3 Qf5
37.Qxf5 gxf5 38.Rb6 Re2 39.Rxc6 Rxf2 40.Kg1 Ra2 41.Rc8+ Kg7 42.c6 Rxa5 43.c7 Ra1+
44.Kh2 Rc1 45.Re8 Rxc7 46.Re5 Rd7 47.Rxd5 Kg6 48.Rd4 a5 49.Be5  1-0

[Event "TCh-NED 2009-10"]
[Site "Netherlands NED"]
[Date "2009.12.12"]
[Round "4"]
[White "Danielian,E"]
[Black "Van der Stricht,G"]
[Result "1/2-1/2"]
[WhiteElo "2499"]
[BlackElo "2393"]

1.d4 Nf6 2.Nf3 d5 3.c4 c6 4.Nbd2 Bf5 5.Nh4 Be4 6.f3 Bg6 7.Qb3 Qc7 8.g3 e6
9.Bg2 Nbd7 10.O-O Bd6 11.c5 Be7 12.Qc3 a5 13.a3 a4 14.b4 axb3 15.Nxb3 e5
16.e3 Ra4 17.Nxg6 hxg6 18.Bd2 O-O 19.Rfb1 Rfa8 20.Qb2 Nh7 21.Bc3 Bf6 22.Nc1 exd4
23.exd4 Nhf8 24.Bh3 Rc4 25.Ne2 Ra7 26.Qd2 Rca4 27.Bb4 b5 28.Nc3 R4a6 29.Re1 Ra8
30.f4 Rd8 31.Re2 Raa8 32.Rae1 Nh7 33.Bg4 g5 34.f5 Ndf8 35.Qd3 Qd7 36.Bf3 Re8
37.Kf2 Rxe2+ 38.Rxe2 Re8 39.Rxe8 Qxe8 40.Qe3 Qd7 41.Qd3 Bd8 42.Ne2 Nf6 43.g4 g6
44.Bd2 gxf5 45.Qxf5 Qxf5 46.gxf5 N8h7 47.h3 Kf8 48.Nc1 Nd7 49.Nd3 Bc7 50.Kg2 Nb8
51.Bd1 Ke7 52.Kf3 Bh2 53.a4 bxa4 54.Bxa4 Bg1 55.Be3 Bxe3 56.Kxe3 Nf6 57.Ne5 Nfd7
58.Nxc6+ Nxc6 59.Bxc6 Nf6 60.Ba4 Kd8 61.Bd1 Kc7 62.Bf3 Kc6 63.Kf2 Ng8 64.Kg3 Ne7
65.Kg4 f6 66.Be2 Kc7 67.Bb5 Kd8 68.Ba4 Kc7 69.Bb5 Kd8 70.Ba4 Kc7 71.Bb3 Kc6
72.Ba4+ Kc7  1/2-1/2